Site management and productivity in tropical plantation forests: proceedings of workshops in Piracicaba (Brazil) 22-26 November 2004 and Bogor Indonesia) 6-9 November 2006 (Record no. 57509)
[ view plain ]
| 000 -LEADER | |
|---|---|
| fixed length control field | 01047nam a2200205 a 4500 |
| 008 - FIXED-LENGTH DATA ELEMENTS--GENERAL INFORMATION | |
| fixed length control field | 090514s2008 ||||||||||||||||| || u |
| 050 ## - LIBRARY OF CONGRESS CALL NUMBER | |
| Classification number | CIFOR(02)2008/1 |
| 100 ## - MAIN ENTRY--PERSONAL NAME | |
| Personal name | Nambiar, E. K. Sadanandan |
| 245 10 - TITLE STATEMENT | |
| Title | Site management and productivity in tropical plantation forests: proceedings of workshops in Piracicaba (Brazil) 22-26 November 2004 and Bogor Indonesia) 6-9 November 2006 |
| Statement of responsibility, etc. | Edited by Nambiar, E. K. Sadanandan |
| 260 ## - PUBLICATION, DISTRIBUTION, ETC. | |
| Place of publication, distribution, etc. | Bogor Barat (Indonesia): |
| Name of publisher, distributor, etc. | Center for International Forestry Research (CIFOR) |
| Date of publication, distribution, etc. | 2008 |
| 300 ## - PHYSICAL DESCRIPTION | |
| Extent | v, 236p.: ill. |
| 350 ## - PRICE (NR) (BK AM CF MU VM SE) [OBSOLETE] | |
| Price | 0.00 |
| 500 ## - GENERAL NOTE | |
| General note | Proceedings of workshops in Piraqacaba (Brazil) 22-26 November 2004 and Bogor (Indonesia) 6-9 November 2006 |
| 650 ## - SUBJECT ADDED ENTRY--TOPICAL TERM | |
| Topical term or geographic name entry element | FOREST TREES |
| 650 ## - SUBJECT ADDED ENTRY--TOPICAL TERM | |
| Topical term or geographic name entry element | FOREST PLANTATIONS |
| 650 ## - SUBJECT ADDED ENTRY--TOPICAL TERM | |
| Topical term or geographic name entry element | FORESTRY |
| 650 ## - SUBJECT ADDED ENTRY--TOPICAL TERM | |
| Topical term or geographic name entry element | SILVICULTURE |
| 710 ## - ADDED ENTRY--CORPORATE NAME | |
| Corporate name or jurisdiction name as entry element | Center for International Forestry Research (CIFOR) |
| 995 ## - RECOMMENDATION 995 [LOCAL, UNIMARC FRANCE] | |
| -- | 0.00 |
| -- | CBU-MAIN LIBRARY (Kitwe) |
| -- | 1 |
| -- | 0.00 |
| -- | 1 |
| -- | AVAILABLE |
| -- | May 18, 2009 |
| -- | International Publications |
| Withdrawn status | Lost status | Source of classification or shelving scheme | Damaged status | Not for loan | Home library | Current library | Shelving location | Date acquired | Total Checkouts | Full call number | Barcode | Date last seen | Price effective from | Koha item type |
|---|---|---|---|---|---|---|---|---|---|---|---|---|---|---|
| CBU-MAIN LIBRARY, KITWE. | CBU-MAIN LIBRARY, KITWE. | 11/30/2022 | CIFOR(02)2008/1 | 9789791412582 | 11/30/2022 | 11/30/2022 | MONOGRAPH |